[Event "Canadian op"]
[Site "Edmonton"]
[Date "2005.07.12"]
[Round "5"]
[White "Achtemichuk, Chris"]
[Black "Erickson, John"]
[Result "0-1"]
[WhiteElo "1514"]
[BlackElo "1904"]
[PlyCount "111"]
[EventDate "2005.07.09"]
[EventType "swiss"]
[EventRounds "10"]
[EventCountry "CAN"]
[SourceTitle "CBM 107 Extra"]
[Source "ChessBase"]
[SourceDate "2005.09.01"]
[SourceVersion "1"]
[SourceVersionDate "2005.09.01"]
[SourceQuality "1"]

1. e4 d6 2. d4 g6 3. f4 Bg7 4. Be3 Nf6 5. Nc3 c6 6. Nf3 Nbd7 7. h3 Qa5 8. Bd3 b5 9. Qd2 Bb7 10. Ne2 Qxd2+ 11. Bxd2 a6 12. a4 0-0 13. g4 c5 14. Ng3 c4 15. Be2 Nxe4 16. Nxe4 Bxe4 17. c3 Nb6 18. axb5 axb5 19. Kf2 Bb7 20. Ra3 e5 21. dxe5 dxe5 22. Rha1 Na4 23. Nxe5 Bxe5 24. fxe5 Rfe8 25. b3 cxb3 26. Rxb3 Rxe5 27. Bxb5 Nc5 28. Rxa8+ Bxa8 29. Rb2 Kg7 30. Be3 Ne4+ 31. Kg1 Re7 32. Bd4+ f6 33. Re2 g5 34. Bd3 Kf7 35. Bc4+ Kg7 36. Bd3 Bd5 37. Bxe4 Bxe4 38. Kf2 Kg6 39. Ke1 Re6 40. Kf2 f5 41. gxf5+ Kxf5 42. Kg3 h5 43. Rf2+ Kg6 44. Rb2 h4+ 45. Kh2 Ra6 46. Rb6+ Rxb6 47. Bxb6 Kf5 48. Bc7 Bd3 49. Kg1 Bc4 50. Kf2 Bd5 51. Ke3 Bg2 52. c4 Bxh3 53. c5 Bf1 54. Bd8 h3 55. c6 h2 56. c7 0-1

[Event "Canadian op"]
[Site "Edmonton"]
[Date "2005.07.11"]
[Round "4"]
[White "Raymer, Evan"]
[Black "Achtemichuk, Chris"]
[Result "0-1"]
[WhiteElo "1681"]
[BlackElo "1514"]
[PlyCount "118"]
[EventDate "2005.07.09"]
[EventType "swiss"]
[EventRounds "10"]
[EventCountry "CAN"]
[SourceTitle "CBM 107 Extra"]
[Source "ChessBase"]
[SourceDate "2005.09.01"]
[SourceVersion "1"]
[SourceVersionDate "2005.09.01"]
[SourceQuality "1"]

1. e4 c5 2. Nc3 e6 3. g3 Nc6 4. Bg2 b6 5. d3 Bb7 6. Be3 Nf6 7. e5 Ng8 8. f4 f6 9. Be4 f5 10. Bg2 a6 11. Nge2 g6 12. d4 cxd4 13. Nxd4 Na5 14. Bxb7 Nxb7 15. Qf3 Qc7 16. g4 fxg4 17. Qxg4 Bb4 18. Bd2 Ne7 19. 0-0-0 Qc4 20. Nb3 0-0-0 21. a3 Bxc3 22. Bxc3 Nf5 23. Bd4 Kb8 24. Rd3 Rc8 25. Bc3 Nc5 26. Nxc5 Rxc5 27. Rhd1 Rhc8 28. Qf3 R8c7 29. Rxd7 Rxd7 30. Rxd7 Rc7 31. Rd8+ Rc8 32. Rd7 Qc6 33. Qxc6 Rxc6 34. Rxh7 Rc4 35. Bd2 Nd4 36. c3 Nf5 37. Rf7 Rc6 38. Be1 Kc8 39. Bf2 Kd8 40. Rf6 Ne7 41. Kd2 Ke8 42. Bh4 b5 43. Kc2 a5 44. Kd3 Nd5 45. Kd4 Rc4+ 46. Kd3 Nxf6 47. Bxf6 Rxf4 48. h4 a4 49. Ke3 Rg4 50. Kd3 Kd7 51. Kc2 Rg2+ 52. Kd3 Rxb2 53. c4 Rb3+ 54. Kd4 Rxa3 55. cxb5 Rb3 56. Kc4 Rb1 57. Bg5 a3 58. Bd2 a2 59. Bc3 Rc1 0-1

[Event "Canadian op"]
[Site "Edmonton"]
[Date "2005.07.10"]
[Round "2"]
[White "Haley, Philip G"]
[Black "Achtemichuk, Chris"]
[Result "1-0"]
[WhiteElo "1772"]
[BlackElo "1514"]
[PlyCount "147"]
[EventDate "2005.07.09"]
[EventType "swiss"]
[EventRounds "10"]
[EventCountry "CAN"]
[SourceTitle "CBM 107 Extra"]
[Source "ChessBase"]
[SourceDate "2005.09.01"]
[SourceVersion "1"]
[SourceVersionDate "2005.09.01"]
[SourceQuality "1"]

1. d4 Nf6 2. Nf3 e6 3. Bf4 c5 4. c3 Nc6 5. e3 a6 6. Nbd2 cxd4 7. exd4 Be7 8. h3 b6 9. Bd3 Bb7 10. 0-0 d6 11. Qe2 Nh5 12. Bh2 Nf6 13. Rfe1 b5 14. a3 Rc8 15. a4 Qb6 16. axb5 axb5 17. Bxb5 0-0 18. Bd3 Ra8 19. Nc4 Qc7 20. Nfd2 Rfd8 21. Nb3 Nd5 22. Nc5 Rxa1 23. Rxa1 Ra8 24. Rxa8+ Bxa8 25. Nxe6 Qa7 26. Nf4 Qa1+ 27. Qf1 Qxf1+ 28. Kxf1 Nf6 29. b4 Na7 30. Ne2 Be4 31. Bxe4 Nxe4 32. f3 Nf6 33. Bxd6 Kf8 34. Bxe7+ Kxe7 35. Ne5 Nd5 36. Ke1 f6 37. Nd3 Ne3 38. g4 Kd6 39. Kd2 Nc4+ 40. Kc2 g5 41. Ng3 Nc8 42. Ne4+ Ke7 43. Nb2 Ne3+ 44. Kb3 Nd5 45. c4 Nf4 46. Nf2 Ne2 47. d5 Nd4+ 48. Kc3 Nxf3 49. c5 Na7 50. Nc4 Nb5+ 51. Kd3 Ne1+ 52. Ke2 Nc2 53. Nd3 Ncd4+ 54. Kf2 h6 55. d6+ Ke6 56. Nb6 Nxd6 57. cxd6 Kxd6 58. Ke3 Nc6 59. Ke4 Ne7 60. Nc4+ Kc6 61. Ne3 Kb5 62. Nf5 Nc6 63. Nxh6 Nb8 64. Ng8 Nd7 65. Kd5 Nb6+ 66. Kd4 Nd7 67. Kd5 Nb6+ 68. Ke6 Kc4 69. Nf2 Kxb4 70. Nxf6 Kc5 71. N2e4+ Kd4 72. Nxg5 Nc4 73. h4 Ne5 74. h5 1-0